[Event "DEN-ch cand"]
[Site "Denmark"]
[Date "1998.??.??"]
[Round "2"]
[White "Bromann, Thorbjorn"]
[Black "Fuglsang, Flemming"]
[Result "0-1"]
[WhiteElo "2245"]
[BlackElo "2280"]

1.e4 c5 2.Nf3 Nc6 3.d4 cxd4 4.Nxd4 Nf6 5.Nc3 d6 6.Bg5 e6 7.Qd2 a6 8.O-O-O Bd7
9.f4 Be7 10.Nf3 b5 11.Bxf6 gxf6 12.Bd3 Qb6 13.Rde1 b4 14.Nd1 a5 15.e5 a4
16.Ne3 fxe5 17.fxe5 d5 18.Kd1 b3 19.axb3 axb3 20.c3 Ra2 21.Ke2 Qa7 22.Bb1 Ra4
23.g3 h5 24.h4  0-1

[Event "BUL-ch"]
[Site "Dupnica"]
[Date "1998.??.??"]
[Round "11"]
[White "Bratanov, Jivko"]
[Black "Delchev, Aleksander"]
[Result "1/2-1/2"]
[WhiteElo "2300"]
[BlackElo "2545"]

1.e4 c5 2.Nf3 d6 3.d4 cxd4 4.Nxd4 Nf6 5.Nc3 Nc6 6.Bg5 e6 7.Qd2 a6 8.O-O-O h6
9.Be3 Nxd4 10.Bxd4 b5 11.Kb1 Rb8 12.Bd3 b4 13.Ne2 e5 14.Ba7 Rb7 15.Be3 Qa5
16.f4 Be7 17.h3 O-O 18.Nc1 Rd7 19.Nb3 Qc7 20.fxe5 dxe5 21.Qf2 Bb7 22.Bb6 Qb8
23.Rde1 Qa8 24.Qf5 Re8 25.g4 Bf8 26.Rhg1 Bc8 27.Qf3 Re6 28.Bc5 Bb7 29.h4 Rc7
30.Bxf8 Qxf8 31.g5 Nh7 32.Rg2 Kh8 33.Reg1 g6 34.Na5 Ba8 35.Nc4 h5 36.Rf1 Qc5
37.Rgf2 Nf8 38.Qe2 Ree7  1/2-1/2

[Event "BUL-ch"]
[Site "Dupnica"]
[Date "1998.??.??"]
[Round "13"]
[White "Bratanov, Jivko"]
[Black "Alexandrov, Vasil"]
[Result "0-1"]
[WhiteElo "2300"]
[BlackElo "2000"]

1.e4 c5 2.Nf3 d6 3.d4 cxd4 4.Nxd4 Nf6 5.Nc3 Nc6 6.Bg5 e6 7.Qd2 a6 8.O-O-O Be7
9.f4 Qc7 10.Kb1 O-O 11.Bxf6 gxf6 12.g3 Nxd4 13.Qxd4 b5 14.Bh3 Qc5 15.Qd3 b4
16.Ne2 Bb7 17.Nd4 Rac8 18.Rhe1 Rfd8 19.f5 e5 20.Nb3 Qc7 21.Bg2 a5 22.c4 bxc3
23.Rc1 a4 24.Rxc3 Qb6 25.Nd2 Rxc3 26.Qxc3 Qf2 27.Qe3 Qxg2 28.Rg1 Qh3 29.Rc1 Bf8
30.Qb6 Rd7  0-1

[Event "Centrocoop June op-A"]
[Site "Eforie Nord "]
[Date "1998.??.??"]
[Round "?"]
[White "Vioreanu, Bogdan"]
[Black "Loktionova, Natalia"]
[Result "1/2-1/2"]
[WhiteElo "2030"]
[BlackElo "2250"]

1.e4 c5 2.Nf3 Nc6 3.d4 cxd4 4.Nxd4 Nf6 5.Nc3 d6 6.Bg5 e6 7.Qd2 Be7 8.Bxf6 Bxf6
9.Ndb5 O-O 10.Nxd6 Qe7 11.Nc4 Rd8 12.Qe3 Rb8 13.e5 Bg5 14.f4 Bh6 15.Qf2 f6
16.exf6 Qxf6 17.g3 b5 18.Ne4 Qe7 19.Ncd2 Nb4 20.O-O-O Bb7 21.Bg2 Nxa2+ 22.Kb1 Bd5
23.Bf3 Rbc8 24.Nb3 Nb4 25.Nc3 Bxb3 26.cxb3 g6 27.Rxd8+ Rxd8 28.Rd1 Bg7 29.Rxd8+ Qxd8
30.Qe3 Qd6 31.Ne4 Qd3+ 32.Qxd3 Nxd3 33.Be2 Nb4 34.Bxb5 h6 35.Kc1 Bd4 36.h3 Kg7
37.Bc4 e5 38.fxe5 Bxe5 39.g4 h5 40.g5 h4 41.Kd2 Bxb2 42.Ke3 Nc6 43.Bd5  1/2-1/2

[Event "Centrocoop Sept op-A"]
[Site "Eforie Nord"]
[Date "1998.??.??"]
[Round "?"]
[White "Luputi, S."]
[Black "Biro, Andras"]
[Result "1-0"]
[WhiteElo "2010"]
[BlackElo "2250"]

1.e4 c5 2.Nf3 Nc6 3.d4 cxd4 4.Nxd4 Nf6 5.Nc3 d6 6.Bg5 a6 7.Qd2 Qb6 8.Nb3 e6
9.O-O-O Be7 10.Kb1 Qc7 11.h4 b5 12.Bxb5 axb5 13.Nxb5 Qb8 14.Nxd6+ Bxd6 15.Qxd6 Qxd6
16.Rxd6 Ne5 17.Nc5 h6 18.Bf4 Ng6 19.Bg3 e5 20.Nd3 Nxe4 21.Rb6 f6 22.h5 Ne7
23.Nb4 Kf7  1-0

[Event "Eger Agria op"]
[Site "Eger Agria"]
[Date "1998.??.??"]
[Round "4"]
[White "Hajnal, Zoltan"]
[Black "Pataki, Gyozo"]
[Result "1/2-1/2"]
[WhiteElo "2185"]
[BlackElo "2225"]

1.e4 c5 2.Nf3 Nc6 3.d4 cxd4 4.Nxd4 Nf6 5.Nc3 d6 6.Bg5 e6 7.Qd2 a6 8.O-O-O h6
9.Be3 Be7 10.f4 Nxd4 11.Bxd4 b5 12.Qe3 Qc7 13.e5 dxe5 14.fxe5 Nd7 15.Ne4 Bb7
16.Nd6+ Qxd6 17.exd6 Bg5 18.Qxg5 hxg5 19.Bxg7 Rh4 20.Bd4 Rc8 21.c3 Bd5 22.b3 Nc5
23.Kb2 Kd7 24.h3 Nb7 25.Rh2 Nxd6 26.Be5 Rc6 27.g3 Rh6 28.Bxd6 Rxd6 29.Rhd2 Ke7
30.Bg2 f6 31.g4 Rc6 32.Bxd5 exd5 33.Rxd5 Rxh3 34.Rd7+ Ke6 35.Rd8 Ke5 36.Rf1 Rg3
37.Re8+ Kd5 38.Rf5+ Kd6 39.Rxf6+ Kd7 40.Rxc6 Kxc6 41.Re6+ Kb7 42.Re4 Kc6
43.a4 Kd5 44.Rd4+ Kc5 45.axb5 axb5 46.b4+ Kc6 47.Kc2 Rg2+ 48.Kd3 Rg3+ 49.Kd2 Rg2+
50.Kd1 Rg3 51.c4 bxc4 52.Rxc4+ Kb5 53.Rd4 Rg2 54.Rd5+ Kxb4 55.Rxg5 Kc4 56.Ke1 Kd4
57.Kf1 Ra2 58.Rf5 Ke4 59.Rf8 Ke5 60.g5 Ra4  1/2-1/2

[Event "FIN-chT9899"]
[Site "FIN"]
[Date "1998.??.??"]
[Round "1"]
[White "Saastamoinen, Aarne"]
[Black "Niemela, Antti"]
[Result "1/2-1/2"]
[WhiteElo "2225"]
[BlackElo "2265"]

1.e4 c5 2.Nf3 d6 3.d4 cxd4 4.Nxd4 Nf6 5.Nc3 Nc6 6.Bg5 e6 7.Qd2 a6 8.O-O-O h6
9.Bh4 Bd7 10.f4 Be7 11.Nf3 b5 12.e5 b4 13.exf6 bxc3 14.Qxc3 gxf6 15.g4 Rg8
16.h3 d5 17.Kb1 Rb8 18.a3 a5 19.Bf2 a4 20.Bc5 Qa5 21.Qxa5 Nxa5 22.Bxe7 Kxe7
23.Nd4 Rb6 24.Rh2 Rgb8 25.c3 Nb7 26.Nc2 Bb5 27.Bxb5 Rxb5 28.Re2 Nd6 29.Nb4 Kd7
30.f5 Rg8 31.Rd4 Rb6 32.Nd3 Nc4 33.Nc5+ Kd6 34.Nxa4 Ra6 35.b3 Nxa3+ 36.Kb2 Nb5
37.Rb4 Nc7 38.c4 Rga8 39.c5+ Kc6 40.Rb6+ Kd7 41.fxe6+ fxe6 42.Rf2 Ke7 43.Rb7 R6a7
44.Rxa7 Rxa7 45.Nb6 Ra6 46.Nc8+ Kd7 47.Nd6 Rc6 48.b4 Na6 49.Kb3 Nxc5+ 50.bxc5 Rxc5
51.Rxf6 Kxd6 52.Rxh6 d4 53.Rh8 Rc3+ 54.Kb2 Ke5 55.g5 Kf5 56.h4 e5 57.Rf8+ Kg4
58.g6 Rc7  1/2-1/2

[Event "FIN-ch"]
[Site "FIN"]
[Date "1998.??.??"]
[Round "2"]
[White "Holmsten, Aleksei"]
[Black "Kanko, Ilkka"]
[Result "1-0"]
[WhiteElo "2425"]
[BlackElo "2270"]

1.e4 c5 2.Nf3 d6 3.d4 cxd4 4.Nxd4 Nf6 5.Nc3 Nc6 6.Bg5 e6 7.Qd2 Be7 8.O-O-O Nxd4
9.Qxd4 a6 10.f4 b5 11.Bxf6 gxf6 12.f5 Qc7 13.Be2 Qc5 14.Qxc5 dxc5 15.fxe6 fxe6
16.Bh5+ Kf8 17.e5 f5 18.g4 b4 19.Ne2 Bg5+ 20.Kb1 Ke7 21.gxf5 exf5 22.Rhg1 Bh6
23.Bf3 Rb8 24.Rd6 Be6 25.Rxa6 Rhd8 26.a4 bxa3 27.Rxa3 Rb4 28.Ra7+ Rd7 29.Rxd7+ Kxd7
30.Rd1+ Ke7 31.Rd6 Bg7 32.c3 Rh4 33.Rc6 Bxe5 34.Rxc5 Bd6 35.Ra5 Rxh2 36.Nd4 Rf2
37.Ra7+ Kf6 38.Rxh7 Bc4 39.Rh6+ Ke5 40.Nc6+ Kf4 41.Rxd6 Bb3 42.Bd1 Rf1 43.Kc1  1-0

[Event "Pyramiden Franken Cup"]
[Site "Fuerth"]
[Date "1998.??.??"]
[Round "8"]
[White "Unzicker, Wolfgang"]
[Black "Gabriel, Christian"]
[Result "0-1"]
[WhiteElo "2435"]
[BlackElo "2555"]

1.e4 c5 2.Nf3 d6 3.d4 cxd4 4.Nxd4 Nf6 5.Nc3 Nc6 6.Bg5 e6 7.Qd2 a6 8.O-O-O Bd7
9.f4 h6 10.Bh4 g5 11.fxg5 Ng4 12.Nf3 hxg5 13.Bg3 Be7 14.Be2 Nge5 15.Kb1 b5
16.a3 Rb8 17.Na2 a5 18.Nc1 Nxf3 19.gxf3 Ne5 20.Qd4 Qc7 21.Nd3 Bf6 22.c3 Ke7
23.Nxe5 Bxe5 24.Qe3 f6 25.f4 gxf4 26.Bxf4 b4 27.Bxe5 dxe5 28.cxb4 axb4 29.Rd3 bxa3
30.Rxa3 Qb6 31.Qxb6 Rxb6 32.Rg1 Bc6 33.Rg7+ Kf8 34.Raa7 Rxh2 35.Raf7+ Ke8
36.Ra7 Bxe4+ 37.Kc1 Rg2 38.Bh5+ Kd8 39.Rgf7 Rg1+ 40.Bd1 Rg8 41.Rxf6 Kc8 42.b3 Kb8
43.Re7 Bb7  0-1

[Event "Oberliga Nord O9899"]
[Site "GER"]
[Date "1998.??.??"]
[Round "?"]
[White "Rossmann, Helmut"]
[Black "Zierke, Oliver"]
[Result "0-1"]
[WhiteElo "2280"]
[BlackElo "2270"]

1.e4 c5 2.Nf3 Nc6 3.d4 cxd4 4.Nxd4 Nf6 5.Nc3 d6 6.Bg5 e6 7.Qd2 Be7 8.O-O-O O-O
9.Nb3 Qb6 10.f3 Rd8 11.h4 d5 12.exd5 Nxd5 13.Bxe7 Ndxe7 14.Qe1 Nd5 15.Bc4 Ne3
16.Rxd8+ Nxd8 17.Na4 Qc7 18.Qxe3 Qxc4 19.Nc3 Nc6 20.h5 h6 21.g4 f6 22.Rd1 Qb4
23.a3 Qe7 24.Nd4 Bd7 25.Nf5 Qd8 26.Nxh6+ gxh6 27.Qxh6 Qe7 28.Ne4 Rf8 29.g5 fxg5
30.Rg1 Rf5 31.Nxg5 Qc5 32.Rg2 Qe3+ 33.Kb1 Qe1+ 34.Ka2 Qf1 35.Qg6+ Kf8 36.Nxe6+ Ke7
37.Ng7 Re5 38.Rd2 Qc4+ 39.b3 Qc5 40.h6 Re1 41.Qg3 Rh1 42.Qf4 Qe5 43.Qxe5+ Nxe5
44.Re2 Kf6 45.f4 Nc6 46.Ne8+ Bxe8 47.Rxe8 Rxh6 48.Kb2 b5 49.Rg8 Ke6 50.Rg5 a6
51.b4 Rh2 52.Rc5 Kd6 53.Kc3 Rh3+ 54.Kb2 Rh2 55.Kb1 Nd4 56.Rc8 Kd5 57.c4+ Ke4
58.cxb5 axb5 59.Rc3 Rh1+ 60.Kb2 Rh2+ 61.Kb1 Ne2 62.Rc2 Kd3 63.Kb2 Rf2 64.f5 Rxf5
65.Rc8 Rf2 66.Rd8+ Nd4+ 67.Kb1 Kc3 68.Rd7 Rb2+  0-1

[Event "Oberliga Ost A9899"]
[Site "GER"]
[Date "1998.??.??"]
[Round "?"]
[White "Ludwig, Kristin"]
[Black "Langheinrich, Ferenc"]
[Result "0-1"]
[WhiteElo "2045"]
[BlackElo "2245"]

1.e4 c5 2.Nf3 d6 3.d4 cxd4 4.Nxd4 Nf6 5.Nc3 Nc6 6.Bg5 e6 7.Qd2 a6 8.O-O-O Bd7
9.f4 h6 10.Bh4 g5 11.fxg5 Ng4 12.Be2 Nge5 13.Nf3 Be7 14.Rhg1 b5 15.Rdf1 Ng6
16.g3 h5 17.Nd1 Qa5 18.Qxa5 Nxa5 19.Ne3 Rc8 20.Ng2 Bc6 21.Bd3 d5 22.exd5 Bxd5
23.Nf4 Nxf4 24.gxf4 Bxa2 25.g6 f5 26.Re1 Bxh4 27.Nxh4 Kd8 28.Nf3 Bd5 29.Ne5 Rg8
30.Rg5 h4 31.Rh5 Nb3+ 32.Kb1 Nd2+ 33.Kc1 Nf3 34.Nxf3 Bxf3 35.Rh6 Kd7  0-1

[Event "Oberliga Sued W9798"]
[Site "GER"]
[Date "1998.??.??"]
[Round "?"]
[White "Wagener, Claude"]
[Black "Becher, Helmut"]
[Result "1/2-1/2"]
[WhiteElo "2385"]
[BlackElo "2295"]

1.e4 c5 2.Nf3 Nc6 3.d4 cxd4 4.Nxd4 Nf6 5.Nc3 d6 6.Bg5 e6 7.Qd2 a6 8.O-O-O h6
9.Be3 Be7 10.f3 Nxd4 11.Qxd4 b5 12.Kb1 Qa5 13.e5 dxe5 14.Qxe5 O-O 15.Ne4 Bb7
16.Nc5 Bd5 17.Nb3 Bxb3 18.axb3 Nd5 19.Bd2 Bb4 20.c3 Be7 21.Bd3 Rfd8 22.Bc2 Nf6
23.Be3 Rd5 24.Rxd5 Nxd5 25.Qe4 g6 26.Bd4 Rc8 27.Rd1 Qc7 28.Be5 Qc6 29.h4 Bf6
30.h5 Bxe5 31.Qxe5 g5 32.Qe4 Nf6 33.Qd3 Kg7 34.g4 Rc7 35.Qe3 Rd7 36.Re1 Qd6
37.Rd1 Qc6 38.Rf1 Qd6 39.Kc1 Nd5 40.Qd4+ Nf6 41.Qe3  1/2-1/2

[Event "Oberliga Ost B9899"]
[Site "GER"]
[Date "1998.??.??"]
[Round "?"]
[White "Holl, Andreas"]
[Black "Baum, Bernd"]
[Result "0-1"]
[WhiteElo "2145"]
[BlackElo "2245"]

1.e4 c5 2.Nf3 Nc6 3.d4 cxd4 4.Nxd4 Nf6 5.Nc3 d6 6.Bg5 Bd7 7.Bxf6 gxf6 8.g3 e6
9.Bg2 Be7 10.O-O Nxd4 11.Qxd4 Qa5 12.Rad1 Rc8 13.Rfe1 O-O 14.e5 fxe5 15.Qg4+ Kh8
16.Qh5 f5 17.Kh1 Qb6 18.Rb1 Qxf2 19.Re2 Qb6 20.g4 Rxc3  0-1

[Event "NRW-Liga I 9899"]
[Site "GER"]
[Date "1998.??.??"]
[Round "1"]
[White "Wengenroth, Walter"]
[Black "Begnis, Nikolaos"]
[Result "1-0"]
[WhiteElo "2140"]
[BlackElo "2255"]

1.e4 c5 2.Nf3 Nc6 3.d4 cxd4 4.Nxd4 Nf6 5.Nc3 d6 6.Bg5 e6 7.Qd2 Be7 8.O-O-O O-O
9.Nb3 Qb6 10.f3 Rd8 11.Be3 Qc7 12.Qf2 Nd7 13.g4 a6 14.g5 b5 15.Kb1 Rb8 16.h4 Nb6
17.f4 b4 18.Ne2 Nc4 19.Bc1 a5 20.Ng3 d5 21.exd5 exd5 22.Nd2 Na3+ 23.bxa3 bxa3+
24.Nb3 a4 25.Bd3 axb3 26.cxb3 Nb4 27.Be3 Bg4 28.Rd2 Rdc8 29.Bf5 Bxf5+ 30.Nxf5 Bf8
31.Bd4 Qd7 32.Ng3 Nc6 33.Rhd1 Nxd4 34.Qxd4 Qg4 35.Qf2 Bd6 36.Rxd5 Bxf4 37.Ne4 Bc1
38.Qd4 Kf8 39.Rxc1 Rxc1+ 40.Kxc1 Rc8+ 41.Kb1 Re8 42.Qb4+ Kg8 43.Nf6+ gxf6
44.Qxg4  1-0

[Event "NRW-Liga I 9899"]
[Site "GER"]
[Date "1998.??.??"]
[Round "2"]
[White "Donner, Bernd"]
[Black "Wessels, Marco"]
[Result "0-1"]
[WhiteElo "2290"]
[BlackElo "2265"]

1.e4 c5 2.Nf3 Nc6 3.d4 cxd4 4.Nxd4 Nf6 5.Nc3 d6 6.Bg5 e6 7.Qd2 a6 8.O-O-O h6
9.Bh4 Nxe4 10.Nxe4 Qxh4 11.f4 d5 12.g3 Qe7 13.Nc3 Qc5 14.Nb3 Qd6 15.g4 Be7
16.h4 h5 17.gxh5 Rxh5 18.Be2 Rxh4 19.Rxh4 Bxh4 20.Bf3 g5 21.Rh1 Bg3 22.Rh8+ Ke7
23.Kb1 Qxf4 24.Qg2 Qe5 25.Qh3 Rb8 26.Bxd5 Bd7 27.Rxb8 Qe1+ 28.Nc1 Bxb8 29.Bg2 b5
30.Ne2 Be5 31.Bxc6 Bxc6 32.Qa3+ b4 33.Qxa6 Bf3 34.Qa7+ Kf6 35.Qg1 Qxg1 36.Nxg1 g4
37.Nce2 Kf5 38.a4 bxa3 39.bxa3 Ke4  0-1

[Event "BL9798 (Women)"]
[Site "Germany"]
[Date "1998.??.??"]
[Round "?.1"]
[White "Dworakowska, Joanna"]
[Black "Prudnikova, Svetlana"]
[Result "1-0"]
[WhiteElo "2305"]
[BlackElo "2385"]

1.e4 c5 2.Nf3 Nc6 3.d4 cxd4 4.Nxd4 Nf6 5.Nc3 d6 6.Bg5 e6 7.Qd2 a6 8.O-O-O h6
9.Be3 Be7 10.f3 Nxd4 11.Bxd4 b5 12.Kb1 Qa5 13.Qe3 Rb8 14.e5 dxe5 15.Qxe5 Rb7
16.g4 Qc7 17.Qe2 O-O 18.Be5 Qa5 19.Ne4 Nd5 20.h4 f6 21.Bd6 Bxd6 22.Nxd6 Rb6
23.Nxc8 Rxc8 24.g5 b4 25.Bh3 f5 26.Ka1 h5 27.g6 Qc5 28.Rhe1 Nf4 29.Qh2 Nxh3
30.Qxh3 Qxc2 31.Qg3 Rbc6 32.Qg5 Rc5 33.Rd8+  1-0

[Event "BL2-S9798"]
[Site "Germany"]
[Date "1998.??.??"]
[Round "?.2"]
[White "Panzalovic, Srdjan"]
[Black "Sick, Oliver"]
[Result "1/2-1/2"]
[WhiteElo "2415"]
[BlackElo "2350"]

1.Nf3 d6 2.e4 c5 3.d4 cxd4 4.Nxd4 Nf6 5.Nc3 Nc6 6.Bg5 Bd7 7.Qd2 Rc8 8.O-O-O Nxd4
9.Qxd4 Qa5 10.Bxf6 gxf6 11.Kb1 Qc5 12.Qxc5 Rxc5 13.Rd5 e6 14.Rxc5 dxc5 15.Bb5 Bxb5
16.Nxb5 a6 17.Nc3 Bd6 18.a4 Ke7 19.g3 Be5 20.Ne2 Rd8 21.Kc1 b5 22.axb5 axb5
23.c3 Ra8 24.Kc2 Ra4 25.f3 Bc7 26.Kb1 Ra8 27.Rd1 Bb6 28.b3 c4 29.Kb2 cxb3
30.Kxb3 Ra4 31.Nd4 Bxd4 32.Rxd4 Ra1 33.Rb4 Ra5 34.Rd4 Ra1  1/2-1/2

[Event "Oberliga Nord O9798"]
[Site "Germany"]
[Date "1998.??.??"]
[Round "?"]
[White "Rossmann, Helmut"]
[Black "Lisek, Juergen"]
[Result "1-0"]
[WhiteElo "2255"]
[BlackElo "2300"]

1.e4 c5 2.Nf3 Nc6 3.d4 cxd4 4.Nxd4 Nf6 5.Nc3 d6 6.Bg5 Bd7 7.Qd2 a6 8.O-O-O e6
9.f4 Be7 10.Nf3 b5 11.Bxf6 gxf6 12.f5 Qa5 13.Kb1 Rc8 14.fxe6 fxe6 15.g3 b4
16.Ne2 e5 17.Nc1 Be6 18.b3 Qb6 19.Qh6 Bf7 20.Bd3 a5 21.Rhf1 Qc5 22.Rd2 Be6
23.Ng5 Bg8 24.Rxf6 a4 25.bxa4 Nd4 26.Rdf2 Kd7 27.Qg7 Bc4 28.Bxc4 Qxc4 29.Nf7 Kc6
30.Nxe5+  1-0

[Event "BL2-W9798"]
[Site "Germany"]
[Date "1998.??.??"]
[Round "?.1"]
[White "Balcerak, Jakob"]
[Black "Kosten, Anthony C"]
[Result "1/2-1/2"]
[WhiteElo "2250"]
[BlackElo "2530"]

1.e4 c5 2.Nf3 Nc6 3.d4 cxd4 4.Nxd4 Nf6 5.Nc3 d6 6.Bg5 e6 7.Qd2 a6 8.O-O-O h6
9.Be3 Be7 10.f4 Qc7 11.h3 Rb8 12.g4 Bd7 13.Bd3 b5 14.Rhf1 Nxd4 15.Bxd4 b4
16.Ne2 e5 17.Be3 b3 18.axb3 Rxb3 19.Nc3 Rb8 20.Nd5 Nxd5 21.exd5 Qb7 22.b3 Qxd5
23.Qc3 Qb7 24.fxe5 O-O 25.exd6 Bxd6 26.Bc4 Bb4 27.Qd4 Bb5 28.Bd5 Bc6 29.g5 hxg5
30.Rf5 Bxd5 31.Rxg5 f5 32.Qxd5+ Qxd5 33.Rxd5 f4 34.Bd4 Rf7 35.Rgf5 Rbf8 36.Rxf7 Rxf7
37.c3 Be7 38.Kd2 Bh4 39.Ke2 f3+ 40.Kf1 f2 41.Rh5 Bg3 42.Rg5 Bh4 43.Rh5 Bg3
44.Rg5 Bh4  1/2-1/2

[Event "Oberliga Ost B9798"]
[Site "Germany"]
[Date "1998.??.??"]
[Round "?.2"]
[White "Petrosian, Suren"]
[Black "Schlamp, Robert"]
[Result "1-0"]
[WhiteElo "2255"]
[BlackElo "2280"]

1.e4 c5 2.Nf3 d6 3.d4 cxd4 4.Nxd4 Nf6 5.Nc3 Nc6 6.Bg5 Bd7 7.Qd2 Rc8 8.O-O-O Nxd4
9.Qxd4 Qa5 10.Bd2 a6 11.Bc4 Qc5 12.Qxc5 Rxc5 13.Bb3 e6 14.f3 Be7 15.Bf4 Rc6
16.Rd3 h6 17.Rhd1 e5 18.Be3 Be6 19.Kb1 O-O 20.Bd5 Bxd5 21.Nxd5 Nxd5 22.Rxd5 Rfc8
23.c3 f6 24.Kc2 Kf7 25.R1d3 Ke6 26.a4 h5 27.b3 g6 28.c4 f5 29.Kd1 Rf8 30.Ke2 g5
31.exf5+ Rxf5 32.h3 Rf7 33.Bc1 Rg7 34.Ba3 g4 35.fxg4 hxg4 36.Rg3 Kf5 37.Rdd3 Rg5
38.hxg4+ Rxg4 39.Rdf3+ Rf4 40.Rg7 Rxf3 41.Kxf3 Ke6 42.Ke4 b5 43.Rg6+ Kd7
44.Kd5 b4 45.Bb2 Rc5+ 46.Ke4 Rc8 47.Kd5 a5 48.Rg7 Rf8 49.Bc1 Ke8 50.Be3 Rf1
51.Ke6 Rf6+ 52.Kd5 Rf1 53.Bb6 Kd7 54.Bxa5 Rd1+ 55.Ke4 Re1+ 56.Kd3 e4+ 57.Kd2 Rb1
58.Kc2 Rf1 59.Bxb4 Ke6 60.Bc3 Rf2+ 61.Kd1 Bf8 62.Rg6+ Kf7 63.Rg4 e3 64.Rg3 Rf1+
65.Be1 Rg1 66.Rf3+  1-0

[Event "NRW-Liga 9798"]
[Site "Germany"]
[Date "1998.??.??"]
[Round "6"]
[White "Meijers, Viesturs"]
[Black "Kozul, Zdenko"]
[Result "1-0"]
[WhiteElo "2440"]
[BlackElo "2585"]

1.e4 c5 2.Nf3 Nc6 3.d4 cxd4 4.Nxd4 Nf6 5.Nc3 d6 6.Bg5 e6 7.Qd2 a6 8.Be2 Qa5
9.Nb3 Qc7 10.a4 b6 11.O-O Be7 12.Rad1 Bb7 13.f4 Rd8 14.f5 O-O 15.Qe3 Nb4
16.Qg3 Kh8 17.Qh4 e5 18.Rf3 h6 19.Rdf1 Kh7 20.Bxh6 gxh6 21.Rh3 Ng8 22.f6 Bc8
23.g4 Rfe8 24.fxe7 Qxe7 25.Qh5 Rf8 26.Bc4 Be6 27.Nd2 Kg7 28.Nd5 Bxd5 29.exd5 b5
30.g5 bxc4 31.Rf6 Rfe8 32.Rxh6 Nxd5 33.Rh8 Qa7+ 34.Kh1 Kf8 35.Rxg8+ Ke7 36.Rg7 Rf8
37.Qf3 Nf4 38.Rhh7 Ke6 39.g6 Qb6 40.Ne4 Kf5 41.Rxf7+ Rxf7 42.Rxf7+ Kxg6 43.Rf6+ Kh7
44.Ng5+ Kh8 45.Rxf4  1-0

[Event "BL2-N9798"]
[Site "Germany"]
[Date "1998.??.??"]
[Round "7.1"]
[White "Joecks, Christian"]
[Black "Rabiega, Robert"]
[Result "1/2-1/2"]
[WhiteElo "2415"]
[BlackElo "2490"]

1.e4 c5 2.Nf3 Nc6 3.d4 cxd4 4.Nxd4 Nf6 5.Nc3 d6 6.Bg5 e6 7.Qd2 a6 8.O-O-O Bd7
9.f4 b5 10.Bxf6 gxf6 11.Nxc6 Bxc6 12.Bd3 b4 13.Ne2 Qb6 14.Kb1 h5 15.f5 e5
16.Nc1 a5 17.Qe2 a4 18.Bc4 Ke7 19.Rd3 Qc5 20.b3 axb3 21.cxb3 Ra7 22.Rhd1 h4
23.Rxd6 Qxd6 24.Rxd6 Kxd6 25.Qd3+ Kc7 26.Bd5 Bd7 27.Bxf7 Be7 28.Bd5 Ra5 29.Qe3 Rd8
30.Nd3 Bb5 31.Kb2 Bxd3 32.Qxd3 Bc5 33.Kb1 Rd7 34.Qh3 Rg7 35.Qxh4 Rxg2 36.Qxf6 Rg1+
37.Kc2 Rxa2+ 38.Kd3 Bd6 39.Qf7+ Kd8 40.Kc4 Ra5 41.Qf6+ Kc7 42.Qf7+ Kd8 43.Kd3 Rd1+
44.Ke2 Raa1 45.Qf6+ Kc7 46.Qf7+ Kd8 47.Qf6+ Kc7 48.Qf7+ Kd8 49.Qf6+  1/2-1/2

[Event "Perenyi mem 2nd"]
[Site "Gyula"]
[Date "1998.??.??"]
[Round "9"]
[White "Acs, Peter"]
[Black "Fogarasi, Tibor"]
[Result "1/2-1/2"]
[WhiteElo "2450"]
[BlackElo "2440"]

1.e4 c5 2.Nf3 Nc6 3.d4 cxd4 4.Nxd4 Nf6 5.Nc3 d6 6.Bg5 e6 7.Qd2 a6 8.O-O-O h6
9.Be3 Bd7 10.f4 b5 11.Bd3 Qc7 12.Kb1 Na5 13.e5 dxe5 14.fxe5 b4 15.Ne4 Nxe4
16.Bxe4 Nc4 17.Qf2 Nxe3 18.Qxe3 Rc8 19.Rhf1 Bc5 20.Qf4 O-O 21.Bd3 Bxd4 22.Qxd4 Bb5
23.Qd6 Bxd3 24.Qxc7 Rxc7 25.Rxd3 Rfc8 26.Rf2 Rc5 27.Re2 Rb5 28.a3 bxa3 29.Rxa3 a5
30.Ra4 Rcc5 31.Rae4 Kf8 32.b3 h5 33.Kb2 Ke7 34.c3 Rb7 35.b4 axb4 36.cxb4 Rd5
37.Kc3 Rbb5 38.Kc4 Ke8 39.Kc3 Ke7 40.Kc4 Rb6 41.Kc3 Rbb5 42.Kc4  1/2-1/2

[Event "Perenyi mem 2nd"]
[Site "Gyula"]
[Date "1998.??.??"]
[Round "10"]
[White "Turzo, Attila"]
[Black "Groszpeter, Attila"]
[Result "0-1"]
[WhiteElo "2415"]
[BlackElo "2505"]

1.e4 c5 2.Nf3 d6 3.d4 cxd4 4.Nxd4 Nf6 5.Nc3 Nc6 6.Bg5 e6 7.Qd2 a6 8.O-O-O Bd7
9.f4 Qc7 10.Kb1 O-O-O 11.Nb3 Be7 12.Bh4 Be8 13.Qe1 h6 14.Be2 Rg8 15.Bf2 Nd7
16.g4 g5 17.f5 Bf6 18.h4 Be5 19.Rh3 Kb8 20.hxg5 hxg5 21.Qg1 Rc8 22.Nd4 Nc5
23.Nb3 Nd7 24.Rc1 Rh8 25.Rxh8 Bxh8 26.Na4 Nce5 27.Bd4 Bf6 28.Ka1 Be7 29.Nb6 Nxb6
30.Bxb6 Qc6 31.Nd2 Nd7 32.Bd4 Bd8 33.Qe3 Ne5 34.c4 Nd7 35.Nf3 e5 36.Bc3 f6
37.Nd2 Bb6 38.Qf3 Bd4 39.Bxd4 exd4 40.Qf2 Ne5 41.Qxd4 Qc5 42.Qg1 Bc6 43.Qd1 Qd4
44.Nb3 Qxd1 45.Rxd1 Rh8 46.Rxd6 Nxc4 47.Rd1 Ne3 48.Rc1 Bxe4 49.Nc5 Bc6 50.a3 Rh2
51.Nxa6+ Ka7 52.Bd3 Nxg4 53.Nb4 Ne5 54.Nxc6+ bxc6 55.Be4 Kb6 56.b3 Re2 57.Bh1 g4
58.a4 Ka5  0-1

[Event "Perenyi mem 2nd"]
[Site "Gyula"]
[Date "1998.??.??"]
[Round "11"]
[White "Acs, Peter"]
[Black "Turzo, Attila"]
[Result "1-0"]
[WhiteElo "2450"]
[BlackElo "2415"]

1.e4 c5 2.Nf3 Nc6 3.d4 cxd4 4.Nxd4 Nf6 5.Nc3 d6 6.Bg5 e6 7.Qd2 a6 8.O-O-O Bd7
9.f4 b5 10.Bxf6 gxf6 11.Nxc6 Bxc6 12.Qe1 Be7 13.Bd3 Qb6 14.Kb1 Qc5 15.Rf1 Kd7
16.Rf2 b4 17.Ne2 a5 18.f5 e5 19.Nc1 a4 20.Qe2 Bd8 21.Bc4 Bb6 22.Rf3 Ke7 23.Bd5 Bb5
24.Qd2 Rac8 25.Nd3 Bxd3 26.Rxd3 Rc7 27.Rg3 Rhc8 28.c4 a3 29.b3 Rh8 30.Rf1 Rcc8
31.Rg7 Rcf8 32.Rg3 Rfg8 33.Rgf3 Qd4 34.Qxd4 Bxd4 35.g3 h5 36.h4 Rg4 37.Rh1 Rhg8
38.Rh3 Bc3 39.Re3 Bd2 40.Rd3 Be1 41.c5 dxc5 42.Bc6 Bxg3 43.Rd7+ Kf8 44.Bd5 R8g7
45.Kc2 Rxh4 46.Rxh4 Bxh4 47.Kd3 Bf2 48.Rd8+ Ke7 49.Rh8 h4 50.Kc4 Be1 51.Kb5 c4
52.Kc6  1-0

[Event "Capablanca mem Masters I"]
[Site "Havana"]
[Date "1998.??.??"]
[Round "5"]
[White "Baron Rodriguez, Jesus"]
[Black "Tsuboi, Edson Kenji"]
[Result "1-0"]
[WhiteElo "2350"]
[BlackElo "2345"]

1.e4 c5 2.Nf3 d6 3.d4 cxd4 4.Nxd4 Nf6 5.Nc3 Nc6 6.Bg5 e6 7.Qd2 a6 8.O-O-O h6
9.Be3 Be7 10.f3 Nxd4 11.Bxd4 b5 12.g4 e5 13.Be3 Be6 14.Kb1 Qa5 15.Qf2 Rb8
16.Nd5 Bxd5 17.exd5 Qc7 18.h4 a5 19.Bh3 g5 20.Bf1 Rg8 21.hxg5 hxg5 22.Qd2 a4
23.a3 Qb7 24.c3 Nd7 25.Rh7 Nf6 26.Rh6 Nd7 27.Rh5 Nf6 28.Rxg5 Rxg5 29.Bxg5 Nd7
30.Be3 Qc7 31.Bd3 Nc5 32.Bf5 Bf6 33.Rh1 Nb3 34.Qc2 Ke7 35.Rh7 Rh8 36.Rxh8 Bxh8
37.Bd3 Qb7 38.Be4 Na5 39.Qh2 Qb8 40.Qh7 Nc4 41.Bh6 Qe8 42.Bf5 e4 43.fxe4 b4
44.Bg5+ Bf6 45.Bxf6+ Kxf6 46.cxb4 Qb5 47.Qh6+ Ke7 48.Qg5+ Kf8 49.Qd8+ Kg7
50.Qg5+ Kf8 51.Qc1 Ne5 52.Qd1 Qb6 53.Ka2 Qf2 54.Qxa4 Nd3 55.Qa8+ Kg7 56.Kb3 Qxb2+
57.Ka4 Qc2+ 58.Kb5 Nb2 59.Qa7 Qd3+ 60.Kc6 Qc3+ 61.Kxd6 Nc4+ 62.Kd7 Nxa3 63.Ke8 Qe5+
64.Be6 Kh8 65.Qxf7 Qb8+ 66.Ke7  1-0

[Event "Capablanca mem Masters I"]
[Site "Havana"]
[Date "1998.??.??"]
[Round "13"]
[White "Tsuboi, Edson Kenji"]
[Black "Pupo, Emilio"]
[Result "1/2-1/2"]
[WhiteElo "2345"]
[BlackElo "2405"]

1.e4 c5 2.Nf3 d6 3.d4 cxd4 4.Nxd4 Nf6 5.Nc3 Nc6 6.Bg5 e6 7.Qd2 a6 8.O-O-O Bd7
9.f4 b5 10.Bxf6 gxf6 11.Nxc6 Bxc6 12.Qe1 Ra7 13.Bd3 h5 14.Qf2 Rb7 15.Rhe1  1/2-1/2

[Event "Helsinki-ch"]
[Site "Helsinki"]
[Date "1998.??.??"]
[Round "4"]
[White "Kokkila, Tero"]
[Black "Kanko, Ilkka"]
[Result "1/2-1/2"]
[WhiteElo "2270"]
[BlackElo "2270"]

1.e4 c5 2.Nf3 d6 3.d4 cxd4 4.Nxd4 Nf6 5.Nc3 Nc6 6.Bg5 e6 7.Qd2 Be7 8.O-O-O Nxd4
9.Qxd4 a6 10.f4 b5 11.Bxf6 gxf6 12.f5 Qc7 13.Be2 Qc5 14.Qxc5 dxc5 15.fxe6 fxe6
16.a4 b4 17.Bh5+ Kf8 18.Ne2 Rg8 19.e5 Kg7 20.exf6+ Bxf6 21.Rd6 Ra7 22.Rhd1 Kh8
23.Bf3 Be7 24.Rb6 Bd7 25.b3 a5 26.Kb1 c4 27.bxc4 Bc5 28.Rb5 Bxb5 29.cxb5 Re7
30.Ng3 Rc8 31.Ne4 Be3 32.Nd6 Rc3 33.Bc6 b3 34.cxb3 Rxb3+ 35.Kc2 Rb4 36.Rb1 Rxb1
37.Kxb1 Bc5 38.Nc4 e5 39.Kc2 e4 40.Kd1 e3 41.Ke2 Rf7 42.Bf3 Rf4 43.Kd3 Rd4+
44.Kc3 Rf4 45.Kd3 Rd4+ 46.Kc3  1/2-1/2

[Event "4 Landerkampf"]
[Site "Hessen"]
[Date "1998.??.??"]
[Round "3"]
[White "Metz, Hartmut"]
[Black "Stabolewski, Andreas"]
[Result "1-0"]
[WhiteElo "2280"]
[BlackElo "2285"]

1.e4 c5 2.Nf3 d6 3.d4 Nf6 4.Nc3 cxd4 5.Nxd4 Nc6 6.Bg5 e6 7.Qd2 a6 8.O-O-O Bd7
9.f4 h6 10.Bh4 Nxe4 11.Nxe4 Qxh4 12.Nxc6 Bxc6 13.Nxd6+ Bxd6 14.Qxd6 Rd8 15.Qxd8+ Qxd8
16.Rxd8+ Kxd8 17.h4 Ke7 18.Rh3 Be4 19.Re3 f5 20.h5 Rc8 21.c3 Kf6 22.Rg3 g5
23.hxg6 Rg8 24.Kd2 Rxg6 25.Rxg6+ Kxg6 26.Ke3 Kf6 27.Kd4 Bc6 28.g3 Bf3 29.b4 Bc6
30.Be2 Bd5 31.a4 Bc6 32.a5 Bg2 33.c4 e5+ 34.fxe5+ Ke6 35.b5 Bh1 36.c5 axb5
37.Bxb5 Bd5 38.Bd7+ Kxd7 39.Kxd5 h5 40.e6+  1-0